| 000 | 00000nam##2200000za#4500 |
| 001 | 9.611214 |
| 003 | CaOODSP |
| 005 | 20220111083410 |
| 007 | ta |
| 008 | 150406|1994||||xxc||||| f|0| 0 eng|d |
| 020 | |a0-662-21573-7 |
| 022 | |a1713-0638 |
| 040 | |aCaOODSP|beng |
| 043 | |an-cn--- |
| 086 | 1 |aNE22-1/1994-5E |
| 110 | 1 |aCanada. |bNational Energy Board. |
| 245 | 10|aIn the matter of Trans Mountain Pipe Line Company Ltd. : |bapplication dated 29 October 1993 for Stage 2 Expansion Project |
| 260 | |aCalgary - Alberta : |bNational Energy Board |cApril, 1994. |
| 300 | |av, 28p. : |bgraphs, tables ; |c28 cm. |
| 490 | 1 |aReasons for decision|x1713-0638 |
| 563 | |aSoftcover |
| 690 | 07|aPetroleum industry|2gcpds |
| 775 | 08|tTrans Mountain Pipe Line Company Ltd. : |w(CaOODSP)9.622685 |
| 776 | 0#|tReasons for decision in the matter of Trans Mountain Pipe Line Company Ltd. : |w(CaOODSP)9.572459 |
| 830 | #0|aReasons for decision (Canada. National Energy Board)|x1713-0638|w(CaOODSP)9.514808 |
| 986 | |aOHW-1-93 |